000 00306nam a22001337a 4500
008 170801b xxu||||| |||| 00| 0 eng d
020 _a9780132971782
041 _aeng
080 _a004
100 _a32
101 _aSHK
245 _aATM: FOUNDATION FOR BROADBAND NETWORKS
_cBLACK,U
942 _2udc
_cBK
999 _c22436
_d22436